| 000 | 01577cad a22003735a 4500 | ||
|---|---|---|---|
| 001 | L158262 | ||
| 008 | 130206s2014 xxk f 000 0 eng d | ||
| 020 | _a9781783210855 | ||
| 035 | _a(Sirsi) u158262 | ||
| 041 | 0 | _aeng | |
| 110 | 2 |
_aRoyal Institution of Chartered Surveyors _94900 |
|
| 245 |
_aExtensions of time _h[electronic resource] |
||
| 250 | _a1st ed | ||
| 260 |
_aLondon, _bRICS, _c2014 |
||
| 300 | _a20p. | ||
| 490 | 0 | _aRICS Guidance Note | |
| 490 | 0 | _aRICS Practice Information | |
| 490 | 0 | _aRICS Black Book | |
| 520 | _aThis guidance note covers costs of delay, background to extension of time clauses, delay assessments using BIM, strengths and weaknesses of delay analysis methods. | ||
| 520 | _aThis document was reissued in July 2024 as RICS practice information. It had previously been published in November 2014 as an RICS guidance note. No material changes have been made to the document. | ||
| 650 | 2 | 4 | _aHolme v Guppy |
| 650 | 2 | 4 | _aWells v Army & Navy Co-operative Society Ltd |
| 650 | 2 | 4 | _aWalter Lilly & Company Ltd v Mackay & Anor |
| 650 | 2 | 4 | _aJCT |
| 650 | 2 | 4 | _aNEW ENGINEERING CONTRACT (THIRD EDITION) |
| 650 | 2 | 4 | _aINSTITUTION OF CIVIL ENGINEERS |
| 650 | 2 | 4 | _aFIDIC |
| 650 | 2 | 4 | _aRICS BLACK BOOK |
| 650 | 2 | 4 | _aRICS QS AND CONSTRUCTION STANDARDS |
| 651 | 4 | _aUnited Kingdom | |
| 690 |
_aConstruction management _96230 |
||
| 856 | 4 | 0 |
_uhttps://www.rics.org/profession-standards/rics-standards-and-guidance/sector-standards/construction-standards/black-book/extensions-of-time _zAvailable on RICS.org |
| 942 |
_n0 _2ddc |
||
| 999 |
_c115229 _d115229 |
||